[Event "-chT Youth Countries 2019"]
[Site "Wuerzburg"]
[Date "2019.10.03"]
[Round "3.5"]
[White "Amato, Cristiano"]
[Black "Kobald, Jacqueline"]
[Result "0-1"]
[WhiteElo "1746"]
[BlackElo "1884"]
[Annotator "NA"]
[PlyCount "64"]
[EventDate "2019.10.02"]
[EventType "team-tourn"]
[EventRounds "7"]
[EventCountry "GER"]
[SourceTitle "playchess.com"]
[Source "ChessBase"]
[SourceQuality "1"]
[WhiteTeam "Baden 2"]
[BlackTeam "Württemberg"]
[TimeControl "40/5400+30:1800+30"]

1. e4 {[%emt 0:00:00]} c5 {[%emt 0:00:00]} 2. g3 {[%emt 0:00:00]} Nc6 {[%emt 0:01:56]} 3. Bg2 {[%emt 0:00:00]} g6 {[%emt 0:05:32]} 4. f4 {[%emt 0:00:00]} Bg7 {[%emt 0:00:21]} 5. d3 {[%emt 0:00:06]} e6 {[%emt 0:00:34]} 6. c3 {[%emt 0:00:07]} Nge7 {[%emt 0:00:21]} 7. Nf3 {[%emt 0:00:10]} O-O {[%emt 0:00:46]} 8. O-O {[%emt 0:00:06]} b5 {[%emt 0:08:43]} 9. Be3 {[%emt 0:03:24]} d6 {[%emt 0:05:16]} 10. e5 {[%emt 0:00:46]} Rb8 {[%emt 0:08:16]} 11. Qe1 {[%emt 0:03:55]} b4 {[%emt 0:07:42]} 12. d4 {[%emt 0:01:53]} bxc3 {[%emt 0:10:19]} 13. bxc3 {[%emt 0:00:34]} cxd4 {[%emt 0:02:25]} 14. cxd4 {[%emt 0:01:01]} Nb4 {[%emt 0:02:38]} 15. Qc1 Ba6 {[%emt 0:03:27]} 16. Nbd2 {[%emt 0:09:09]} Bxf1 {[%emt 0:01:09]} 17. Bxf1 {[%emt 0:01:09]} Rc8 {[%emt 0:00:17]} 18. Qd1 {[%emt 0:01:52]} Nc2 {[%emt 0:01:00]} 19. Bf2 {[%emt 0:00:36]} Nxa1 {[%emt 0:00:22]} 20. Qxa1 {[%emt 0:00:07]} Qd7 {[%emt 0:11:30]} 21. Nc4 {[%emt 0:06:47]} d5 {[%emt 0:01:15]} 22. Nd6 {[%emt 0:00:12]} Rb8 {[%emt 0:00:30]} 23. a4 {[%emt 0:01:30]} Nc8 {[%emt 0:03:24]} 24. Nb5 {[%emt 0:00:27]} a6 {[%emt 0:04:10]} 25. Nc3 {[%emt 0:00:46]} Qc6 {[%emt 0:01:31]} 26. Be1 {[%emt 0:00:34]} Rb3 {[%emt 0:02:52]} 27. Be2 {[%emt 0:01:52]} Rd8 {[%emt 0:06:06]} 28. Bd1 {[%emt 0:00:44]} Rb7 {[%emt 0:02:16]} 29. a5 {[%emt 0:06:02]} Bf8 {[%emt 0:00:56]} 30. Ba4 {[%emt 0:01:49]} Qc4 {[%emt 0:00:57]} 31. Bd1 {[%emt 0:05:01]} Bb4 {[%emt 0:03:23]} 32. Be2 {[%emt 0:00:25]} Bxc3 {[%emt 0:01:17] normal} 0-1

[Event "-chT Youth Countries 2019"]
[Site "Wuerzburg"]
[Date "2019.10.03"]
[Round "3.5"]
[White "Fuhrmann, Bahne"]
[Black "Hetzner, Hannes"]
[Result "0-1"]
[WhiteElo "1623"]
[BlackElo "1996"]
[Annotator "NA"]
[PlyCount "90"]
[EventDate "2019.10.02"]
[EventType "team-tourn"]
[EventRounds "7"]
[EventCountry "GER"]
[SourceTitle "playchess.com"]
[Source "ChessBase"]
[SourceQuality "1"]
[WhiteTeam "Hamburg/Schleswig-Holstein"]
[BlackTeam "Bayern 1"]
[TimeControl "40/5400+30:1800+30"]

1. e4 {[%emt 0:00:00]} e6 {[%emt 0:00:00]} 2. d4 {[%emt 0:00:00]} d5 {[%emt 0:00:00]} 3. exd5 {[%emt 0:00:00]} exd5 {[%emt 0:00:07]} 4. Nf3 {[%emt 0:00:00]} Nc6 {[%emt 0:00:41]} 5. Bb5 {[%emt 0:00:08]} Bd6 {[%emt 0:06:07]} 6. c4 {[%emt 0:00:36]} Bb4+ {[%emt 0:12:05]} 7. Nc3 {[%emt 0:06:15]} Nge7 {[%emt 0:01:19]} 8. O-O {[%emt 0:02:07]} Bg4 {[%emt 0:12:20]} 9. h3 {[%emt 0:05:15]} Bh5 {[%emt 0:07:21]} 10. Nxd5 {[%emt 0:03:39]} Nxd5 {[%emt 0:00:43]} 11. cxd5 {[%emt 0:00:15]} Qxd5 {[%emt 0:00:39]} 12. Qe2+ {[%emt 0:01:09]} Kf8 {[%emt 0:03:36]} 13. Bc4 {[%emt 0:02:30]} Bxf3 {[%emt 0:01:50]} 14. gxf3 {[%emt 0:00:14]} Nxd4 {[%emt 0:02:36]} 15. Bxd5 {[%emt 0:02:18]} Nxe2+ {[%emt 0:00:15]} 16. Kh1 {[%emt 0:01:03]} c6 {[%emt 0:01:04]} 17. Be4 {[%emt 0:01:55]} Nxc1 {[%emt 0:00:59]} 18. Raxc1 {[%emt 0:00:12]} Rd8 {[%emt 0:02:21]} 19. Rfd1 {[%emt 0:02:45]} Ke7 {[%emt 0:00:46]} 20. a3 {[%emt 0:02:06]} Ba5 {[%emt 0:01:06]} 21. b4 {[%emt 0:00:43]} Bb6 {[%emt 0:00:43]} 22. Kg2 {[%emt 0:01:23]} g6 {[%emt 0:01:33]} 23. b5 {[%emt 0:01:29]} f5 {[%emt 0:02:11]} 24. Bd3 {[%emt 0:01:33]} c5 {[%emt 0:04:36]} 25. Re1+ {[%emt 0:02:44]} Kd6 {[%emt 0:07:26]} 26. Rcd1 {[%emt 0:04:37]} Kc7 {[%emt 0:02:38]} 27. Re7+ {[%emt 0:03:16]} Kc8 {[%emt 0:01:57]} 28. Bc2 {[%emt 0:02:37]} c4 {[%emt 0:04:10]} 29. Rxd8+ {[%emt 0:09:11]} Rxd8 {[%emt 0:01:53]} 30. Re2 {[%emt 0:00:20]} Bc5 {[%emt 0:03:48]} 31. a4 {[%emt 0:00:53]} Kc7 {[%emt 0:04:02]} 32. Kg3 {[%emt 0:01:38]} Rd4 {[%emt 0:01:36]} 33. h4 {[%emt 0:06:36]} Bd6+ {[%emt 0:01:57]} 34. Kh3 {[%emt 0:01:14]} Rf4 {[%emt 0:01:36]} 35. Re3 {[%emt 0:00:28]} Bc5 {[%emt 0:03:50]} 36. Rc3 {[%emt 0:00:54]} Kb6 {[%emt 0:01:10]} 37. Kg3 {[%emt 0:04:18]} Bd6 {[%emt 0:00:58]} 38. h5 {[%emt 0:01:04]} Kc5 {[%emt 0:02:15]} 39. hxg6 {[%emt 0:00:37]} hxg6 {[%emt 0:00:10]} 40. Kg2 {[%emt 0:01:35]} Kb4 41. Re3 {[%emt 0:31:21]} Bc5 {[%emt 0:34:09]} 42. Re2 {[%emt 0:01:14]} Kc3 {[%emt 0:01:41]} 43. Bb1 {[%emt 0:00:54]} Rd4 {[%emt 0:00:00]} 44. Kg3 {[%emt 0:00:00]} Bd6+ {[%emt 0:00:00]} 45. Kh3 {[%emt 0:00:00]} Rd2 {[%emt 0:00:00] normal} 0-1

[Event "-chT Youth Countries 2019"]
[Site "Wuerzburg"]
[Date "2019.10.03"]
[Round "3.6"]
[White "Wang, Xinyuan"]
[Black "Butenandt, Svenja"]
[Result "0-1"]
[WhiteElo "2020"]
[BlackElo "1805"]
[Annotator "NA"]
[PlyCount "118"]
[EventDate "2019.10.02"]
[EventType "team-tourn"]
[EventRounds "7"]
[EventCountry "GER"]
[SourceTitle "playchess.com"]
[Source "ChessBase"]
[SourceQuality "1"]
[WhiteTeam "Baden 1"]
[BlackTeam "Bayern 2"]
[TimeControl "40/5400+30:1800+30"]

1. d4 {[%emt 0:00:00]} Nf6 {[%emt 0:00:00]} 2. c4 {[%emt 0:00:00]} e6 {[%emt 0:00:00]} 3. Nc3 {[%emt 0:00:00]} Bb4 {[%emt 0:00:00]} 4. Qc2 {[%emt 0:00:00]} c5 {[%emt 0:00:00]} 5. e3 {[%emt 0:00:35]} Nc6 {[%emt 0:00:13]} 6. Nf3 {[%emt 0:00:05]} d5 {[%emt 0:00:43]} 7. a3 {[%emt 0:02:15]} Bxc3+ {[%emt 0:04:08]} 8. bxc3 {[%emt 0:00:21]} O-O {[%emt 0:05:05]} 9. Bd3 {[%emt 0:01:13]} dxc4 {[%emt 0:07:19]} 10. Bxc4 {[%emt 0:00:11]} Na5 {[%emt 0:01:09]} 11. Ba2 {[%emt 0:00:21]} Qc7 {[%emt 0:02:00]} 12. O-O {[%emt 0:06:34]} cxd4 {[%emt 0:01:21]} 13. exd4 {[%emt 0:00:10]} h6 {[%emt 0:04:23]} 14. Bb2 {[%emt 0:03:12]} b5 {[%emt 0:02:37]} 15. a4 {[%emt 0:06:17]} a6 {[%emt 0:03:53]} 16. Rfc1 {[%emt 0:00:17]} Bb7 {[%emt 0:00:57]} 17. Ne5 {[%emt 0:00:35]} Nc6 {[%emt 0:05:16]} 18. c4 {[%emt 0:01:17]} Nb4 {[%emt 0:07:48]} 19. Qe2 {[%emt 0:03:12]} Nxa2 {[%emt 0:02:26]} 20. Rxa2 {[%emt 0:01:22]} Rac8 {[%emt 0:01:17]} 21. c5 {[%emt 0:02:52]} Bd5 {[%emt 0:06:11]} 22. Ra3 {[%emt 0:02:07]} Qb7 {[%emt 0:00:41]} 23. axb5 {[%emt 0:07:38]} axb5 {[%emt 0:00:28]} 24. f3 {[%emt 0:00:09]} Nd7 {[%emt 0:07:21]} 25. Nxd7 {[%emt 0:08:48]} Qxd7 {[%emt 0:00:09]} 26. Rca1 {[%emt 0:01:13]} Ra8 {[%emt 0:04:19]} 27. Ra6 {[%emt 0:01:34]} Bc6 {[%emt 0:11:42]} 28. Qe5 {[%emt 0:12:45]} f6 {[%emt 0:07:28]} 29. Qd6 {[%emt 0:04:14]} Rxa6 {[%emt 0:01:13]} 30. Rxa6 {[%emt 0:00:21]} Rc8 {[%emt 0:02:05]} 31. Qxd7 {[%emt 0:00:50]} Bxd7 {[%emt 0:00:08]} 32. Kf2 {[%emt 0:01:22]} Bc6 {[%emt 0:00:40]} 33. Ke3 {[%emt 0:01:44]} Kh7 {[%emt 0:00:56]} 34. g4 {[%emt 0:02:03]} Kg6 {[%emt 0:03:08]} 35. h4 {[%emt 0:04:37]} h5 {[%emt 0:02:13]} 36. Kf4 {[%emt 0:01:04]} Kh6 {[%emt 0:04:52]} 37. Bc1 {[%emt 0:08:01]} g5+ {[%emt 0:03:21]} 38. Kg3 {[%emt 0:00:07]} Kg6 {[%emt 0:00:16]} 39. Rb6 {[%emt 0:01:12]} gxh4+ {[%emt 0:00:59]} 40. Kxh4 {[%emt 0:00:07]} Bxf3 {[%emt 0:00:36]} 41. gxh5+ {[%emt 0:30:31]} Bxh5 {[%emt 0:30:06]} 42. Rxe6 {[%emt 0:01:25]} Bf3 {[%emt 0:00:00]} 43. Kg3 {[%emt 0:00:00]} Kf5 {[%emt 0:00:00]} 44. Rd6 {[%emt 0:00:00]} Be4 {[%emt 0:00:00]} 45. Kf2 {[%emt 0:00:00]} Rc6 {[%emt 0:00:00]} 46. Rd8 {[%emt 0:00:00]} Ke6 {[%emt 0:00:00]} 47. Ke3 {[%emt 0:00:00]} f5 {[%emt 0:00:00]} 48. Rb8 {[%emt 0:00:00]} Kd5 {[%emt 0:00:00]} 49. Rxb5 {[%emt 0:00:00]} Rf6 {[%emt 0:00:00]} 50. Rb8 {[%emt 0:00:00]} f4+ {[%emt 0:00:00]} 51. Kf2 {[%emt 0:00:00]} f3 {[%emt 0:00:00]} 52. Re8 {[%emt 0:03:02]} Rg6 {[%emt 0:00:00]} 53. Be3 {[%emt 0:01:34]} Rg2+ {[%emt 0:00:41]} 54. Kf1 {[%emt 0:00:04]} Bd3+ {[%emt 0:01:14]} 55. Ke1 {[%emt 0:00:12]} Re2+ {[%emt 0:01:59]} 56. Kd1 {[%emt 0:00:40]} Kc4 {[%emt 0:01:05]} 57. c6 {[%emt 0:00:54]} Kc3 {[%emt 0:01:18]} 58. Bd2+ {[%emt 0:08:21]} Rxd2+ {[%emt 0:00:08]} 59. Kc1 {[%emt 0:00:05]} Ra2 {[%emt 0:00:27] normal} 0-1

[Event "-chT Youth Countries 2019"]
[Site "Wuerzburg"]
[Date "2019.10.03"]
[Round "3.6"]
[White "Costa, Leonardo"]
[Black "Hubert, Charlotte"]
[Result "1-0"]
[WhiteElo "1959"]
[BlackElo "1341"]
[Annotator "NA"]
[PlyCount "73"]
[EventDate "2019.10.02"]
[EventType "team-tourn"]
[EventRounds "7"]
[EventCountry "GER"]
[SourceTitle "playchess.com"]
[Source "ChessBase"]
[SourceQuality "1"]
[WhiteTeam "Bayern 1"]
[BlackTeam "Hamburg/Schleswig-Holstein"]
[TimeControl "40/5400+30:1800+30"]

1. e4 {[%emt 0:00:00]} c5 {[%emt 0:00:00]} 2. Nf3 {[%emt 0:00:00]} e6 {[%emt 0:00:00]} 3. d4 {[%emt 0:00:00]} cxd4 {[%emt 0:00:03]} 4. Nxd4 {[%emt 0:00:00]} Nc6 {[%emt 0:00:14]} 5. Nc3 {[%emt 0:01:53]} Qc7 {[%emt 0:01:08]} 6. Be3 {[%emt 0:02:13]} a6 {[%emt 0:01:02]} 7. Qf3 {[%emt 0:02:27]} Nf6 {[%emt 0:11:21]} 8. a3 {[%emt 0:07:57]} b5 {[%emt 0:06:47]} 9. Nxc6 {[%emt 0:19:08]} Qxc6 {[%emt 0:04:16]} 10. e5 {[%emt 0:00:52]} Qxf3 {[%emt 0:01:18]} 11. gxf3 {[%emt 0:00:03]} Ng8 {[%emt 0:03:48]} 12. Bd3 {[%emt 0:02:38]} Bb7 {[%emt 0:05:32]} 13. Be4 {[%emt 0:00:25]} Bxe4 {[%emt 0:04:27]} 14. Nxe4 {[%emt 0:00:05]} f5 {[%emt 0:03:52]} 15. Nd2 {[%emt 0:18:21]} Rc8 {[%emt 0:04:13]} 16. Rc1 {[%emt 0:00:36]} Ne7 {[%emt 0:04:38]} 17. Ke2 {[%emt 0:00:32]} Nd5 {[%emt 0:01:31]} 18. c4 {[%emt 0:02:02]} bxc4 {[%emt 0:02:21]} 19. Rxc4 {[%emt 0:01:52]} Rxc4 {[%emt 0:06:01]} 20. Nxc4 {[%emt 0:00:05]} Kf7 {[%emt 0:02:46]} 21. Nb6 {[%emt 0:04:14]} Nxb6 {[%emt 0:10:37]} 22. Bxb6 {[%emt 0:00:05]} d5 {[%emt 0:02:41]} 23. Rc1 {[%emt 0:00:43]} Be7 {[%emt 0:13:36]} 24. Rc7 {[%emt 0:00:39]} Re8 {[%emt 0:00:43]} 25. Kd3 {[%emt 0:01:47]} Kf8 {[%emt 0:01:53]} 26. Ra7 {[%emt 0:00:23]} Rc8 {[%emt 0:01:24]} 27. Rxa6 {[%emt 0:00:12]} Rc6 {[%emt 0:00:44]} 28. Ra8+ {[%emt 0:00:13]} Kf7 {[%emt 0:00:07]} 29. Be3 {[%emt 0:03:45]} Rc7 {[%emt 0:01:17]} 30. b4 {[%emt 0:02:04]} Rb7 {[%emt 0:00:43]} 31. Rc8 {[%emt 0:04:53]} Bh4 {[%emt 0:02:06]} 32. Bc5 {[%emt 0:01:45]} Be7 {[%emt 0:00:57]} 33. Bd6 {[%emt 0:02:34]} Ra7 {[%emt 0:01:13]} 34. b5 {[%emt 0:00:36]} Rb7 {[%emt 0:00:48]} 35. a4 {[%emt 0:00:14]} Rd7 {[%emt 0:01:08]} 36. b6 {[%emt 0:00:28]} Rb7 {[%emt 0:00:53]} 37. a5 {[%emt 0:00:21] normal} 1-0

[Event "-chT Youth Countries 2019"]
[Site "Wuerzburg"]
[Date "2019.10.03"]
[Round "3.6"]
[White "Dietz, Kristin"]
[Black "Browning, Rebecca"]
[Result "1-0"]
[WhiteElo "1948"]
[BlackElo "1932"]
[Annotator "NA"]
[PlyCount "102"]
[EventDate "2019.10.02"]
[EventType "team-tourn"]
[EventRounds "7"]
[EventCountry "GER"]
[SourceTitle "playchess.com"]
[Source "ChessBase"]
[SourceQuality "1"]
[WhiteTeam "Sachsen-Anhalt"]
[BlackTeam "Nordrhein-Westfalen"]
[TimeControl "40/5400+30:1800+30"]

1. e4 {[%emt 0:00:00]} e6 {[%emt 0:00:00]} 2. d4 {[%emt 0:00:00]} d5 {[%emt 0:00:00]} 3. Nd2 {[%emt 0:00:00]} c5 {[%emt 0:00:00]} 4. exd5 {[%emt 0:11:54]} exd5 {[%emt 0:00:00]} 5. Ngf3 {[%emt 0:03:02]} Nc6 {[%emt 0:00:00]} 6. Be2 {[%emt 0:02:54]} cxd4 {[%emt 0:01:40]} 7. O-O {[%emt 0:02:24]} Bd6 {[%emt 0:00:28]} 8. h3 {[%emt 0:01:00]} Nge7 {[%emt 0:00:47]} 9. Nb3 {[%emt 0:01:11]} O-O {[%emt 0:00:13]} 10. Nbxd4 {[%emt 0:02:00]} a6 {[%emt 0:01:18]} 11. Be3 {[%emt 0:04:06]} Bc7 {[%emt 0:00:25]} 12. c3 {[%emt 0:02:00]} Qd6 {[%emt 0:00:21]} 13. Bd3 {[%emt 0:07:14]} Nxd4 {[%emt 0:03:13]} 14. Bxd4 {[%emt 0:00:56]} Nc6 {[%emt 0:00:50]} 15. Bc2 {[%emt 0:01:14]} Nxd4 {[%emt 0:02:27]} 16. Qxd4 {[%emt 0:00:15]} Bb6 {[%emt 0:00:26]} 17. Qd3 {[%emt 0:03:03]} g6 {[%emt 0:00:14]} 18. Rad1 {[%emt 0:01:01]} Rd8 {[%emt 0:07:38]} 19. Bb3 {[%emt 0:02:07]} Bf5 {[%emt 0:00:20]} 20. Qd2 {[%emt 0:01:11]} Bxh3 {[%emt 0:00:30]} 21. Qh6 {[%emt 0:04:05]} Be6 {[%emt 0:04:04]} 22. Ng5 {[%emt 0:04:09]} Qe5 {[%emt 0:01:04]} 23. Qxh7+ {[%emt 0:04:09]} Kf8 {[%emt 0:00:07]} 24. Nxe6+ {[%emt 0:04:05]} Qxe6 {[%emt 0:01:21]} 25. Rxd5 {[%emt 0:05:47]} Qf6 {[%emt 0:02:22]} 26. Qh6+ {[%emt 0:01:40]} Kg8 {[%emt 0:00:23]} 27. Rh5 {[%emt 0:02:38]} Qg7 {[%emt 0:08:03]} 28. Bxf7+ {[%emt 0:07:32]} Kxf7 {[%emt 0:00:44]} 29. Qf4+ {[%emt 0:00:08]} Ke6 {[%emt 0:01:59]} 30. Re1+ {[%emt 0:00:15]} Kd7 {[%emt 0:00:08]} 31. Rhe5 {[%emt 0:07:48]} Rf8 {[%emt 0:06:40]} 32. Re7+ {[%emt 0:02:32]} Qxe7 {[%emt 0:00:52]} 33. Rxe7+ {[%emt 0:00:01]} Kxe7 {[%emt 0:00:18]} 34. Qb4+ {[%emt 0:00:04]} Kf7 {[%emt 0:01:01]} 35. Qxb6 {[%emt 0:00:06]} Rab8 {[%emt 0:00:13]} 36. c4 {[%emt 0:01:29]} Rfd8 {[%emt 0:00:13]} 37. c5 {[%emt 0:00:57]} Kg7 {[%emt 0:00:36]} 38. Kh2 {[%emt 0:00:45]} Rd7 {[%emt 0:00:55]} 39. c6 {[%emt 0:03:00]} Rh8+ {[%emt 0:00:12]} 40. Kg3 {[%emt 0:00:06]} bxc6 {[%emt 0:00:29]} 41. Qxc6 {[%emt 0:30:50]} Rd3+ {[%emt 0:30:23]} 42. f3 {[%emt 0:00:15]} Rhd8 {[%emt 0:00:30]} 43. Qxa6 {[%emt 0:00:55]} Rd2 {[%emt 0:00:10]} 44. Qa5 {[%emt 0:00:45]} R8d5 {[%emt 0:00:46]} 45. Qc7+ {[%emt 0:00:26]} Kh8 {[%emt 0:00:13]} 46. a4 {[%emt 0:02:33]} Rg5+ {[%emt 0:00:48]} 47. Kf4 {[%emt 0:00:19]} Rgxg2 {[%emt 0:00:51]} 48. b4 {[%emt 0:00:48]} g5+ {[%emt 0:01:39]} 49. Kf5 {[%emt 0:00:06]} g4 {[%emt 0:01:20]} 50. fxg4 {[%emt 0:00:44]} Rdf2+ {[%emt 0:00:10]} 51. Kg5 {[%emt 0:00:21]} Rd2 {[%emt 0:01:19] normal} 1-0

[Event "-chT Youth Countries 2019"]
[Site "Wuerzburg"]
[Date "2019.10.03"]
[Round "3.6"]
[White "Reuter, Elisa"]
[Black "Yaghi, Rita"]
[Result "0-1"]
[WhiteElo "1873"]
[BlackElo "1973"]
[Annotator "NA"]
[PlyCount "58"]
[EventDate "2019.10.02"]
[EventType "team-tourn"]
[EventRounds "7"]
[EventCountry "GER"]
[SourceTitle "playchess.com"]
[Source "ChessBase"]
[SourceQuality "1"]
[WhiteTeam "Thüringen"]
[BlackTeam "Hessen"]
[TimeControl "40/5400+30:1800+30"]

1. e4 {[%emt 0:00:00]} c5 {[%emt 0:00:00]} 2. Nf3 {[%emt 0:00:00]} d6 {[%emt 0:00:00]} 3. d4 {[%emt 0:00:00]} cxd4 {[%emt 0:00:01]} 4. Nxd4 {[%emt 0:00:00]} Nf6 {[%emt 0:00:08]} 5. Nc3 {[%emt 0:00:00]} a6 {[%emt 0:00:05]} 6. Be2 {[%emt 0:00:00]} e5 {[%emt 0:00:10]} 7. Nb3 {[%emt 0:00:00]} Be7 {[%emt 0:00:07]} 8. O-O {[%emt 0:00:07]} O-O {[%emt 0:00:06]} 9. Kh1 {[%emt 0:00:37]} Nc6 {[%emt 0:01:59]} 10. f4 {[%emt 0:00:15]} b5 {[%emt 0:00:35]} 11. a3 {[%emt 0:00:23]} Bb7 {[%emt 0:00:49]} 12. f5 {[%emt 0:00:48]} Rc8 {[%emt 0:04:34]} 13. Bf3 {[%emt 0:04:37]} h6 {[%emt 0:08:28]} 14. Qe1 {[%emt 0:03:04]} Nd4 {[%emt 0:06:19]} 15. Bd1 {[%emt 0:09:32]} d5 {[%emt 0:07:47]} 16. exd5 {[%emt 0:05:28]} Nxd5 {[%emt 0:00:58]} 17. Nxd4 {[%emt 0:16:01]} Nxc3 {[%emt 0:07:00]} 18. bxc3 {[%emt 0:05:44]} exd4 {[%emt 0:00:50]} 19. cxd4 {[%emt 0:01:36]} Qxd4 {[%emt 0:02:54]} 20. Rb1 {[%emt 0:00:44]} Bh4 {[%emt 0:02:42]} 21. Qb4 {[%emt 0:05:15]} Rc4 {[%emt 0:03:07]} 22. Qb2 {[%emt 0:02:29]} Qd6 {[%emt 0:04:14]} 23. Be2 {[%emt 0:02:33]} Bf6 {[%emt 0:00:20]} 24. Qb3 {[%emt 0:00:25]} Rh4 {[%emt 0:11:27]} 25. h3 {[%emt 0:04:12]} Rc8 {[%emt 0:04:15]} 26. Bb2 {[%emt 0:03:34]} Rc3 {[%emt 0:08:59]} 27. Bxc3 {[%emt 0:05:03]} Rxh3+ {[%emt 0:00:07]} 28. Kg1 {[%emt 0:00:25]} Qh2+ {[%emt 0:04:16]} 29. Kf2 {[%emt 0:00:05]} Bh4# {[%emt 0:00:04] normal} 0-1

[Event "-chT Youth Countries 2019"]
[Site "Wuerzburg"]
[Date "2019.10.03"]
[Round "3.6"]
[White "Rempe, Jonas"]
[Black "Peglau, Charis"]
[Result "1/2-1/2"]
[WhiteElo "1816"]
[BlackElo "1827"]
[Annotator "NA"]
[PlyCount "84"]
[EventDate "2019.10.02"]
[EventType "team-tourn"]
[EventRounds "7"]
[EventCountry "GER"]
[SourceTitle "playchess.com"]
[Source "ChessBase"]
[SourceQuality "1"]
[WhiteTeam "Schleswig-Holstein"]
[BlackTeam "Sachsen"]
[TimeControl "40/5400+30:1800+30"]

1. e4 {[%emt 0:00:00]} c5 {[%emt 0:00:00]} 2. Nf3 {[%emt 0:00:00]} Nc6 {[%emt 0:00:00]} 3. d4 {[%emt 0:00:05]} cxd4 {[%emt 0:00:00]} 4. Nxd4 {[%emt 0:00:05]} g6 {[%emt 0:00:00]} 5. Nc3 {[%emt 0:00:11]} Bg7 {[%emt 0:00:00]} 6. Be3 {[%emt 0:00:09]} Nf6 {[%emt 0:00:07]} 7. Bc4 {[%emt 0:00:09]} O-O {[%emt 0:00:23]} 8. Bb3 {[%emt 0:00:12]} d6 {[%emt 0:00:30]} 9. f3 {[%emt 0:00:06]} Bd7 {[%emt 0:00:44]} 10. Qd2 {[%emt 0:00:04]} Qa5 {[%emt 0:00:06]} 11. O-O-O {[%emt 0:00:52]} Rfc8 {[%emt 0:00:18]} 12. h4 {[%emt 0:06:45]} Ne5 {[%emt 0:00:15]} 13. Kb1 {[%emt 0:04:50]} Nc4 {[%emt 0:01:04]} 14. Bxc4 {[%emt 0:00:07]} Rxc4 {[%emt 0:00:03]} 15. Nb3 {[%emt 0:01:45]} Qc7 {[%emt 0:01:34]} 16. h5 {[%emt 0:02:25]} Nxh5 {[%emt 0:01:59]} 17. Nd5 {[%emt 0:01:18]} Qd8 {[%emt 0:00:40]} 18. g4 {[%emt 0:00:23]} Nf6 {[%emt 0:00:35]} 19. Nxf6+ {[%emt 0:00:25]} Bxf6 {[%emt 0:00:56]} 20. Qh2 {[%emt 0:00:24]} Be6 {[%emt 0:08:59]} 21. Nc5 {[%emt 0:11:16]} Rxc5 {[%emt 0:02:36]} 22. Bxc5 {[%emt 0:00:41]} Qa5 {[%emt 0:01:09]} 23. Qxh7+ {[%emt 0:05:31]} Kf8 {[%emt 0:00:07]} 24. Ba3 {[%emt 0:02:43]} Rc8 {[%emt 0:01:06]} 25. Qh6+ {[%emt 0:00:41]} Ke8 {[%emt 0:00:46]} 26. Qd2 {[%emt 0:03:01]} Bc3 {[%emt 0:01:36]} 27. Qd3 {[%emt 0:08:27]} Rc6 {[%emt 0:05:12]} 28. f4 {[%emt 0:14:14]} Bxg4 {[%emt 0:18:03]} 29. Rdg1 {[%emt 0:00:30]} Be6 {[%emt 0:03:02]} 30. Rg3 {[%emt 0:01:35]} b5 {[%emt 0:05:25]} 31. bxc3 {[%emt 0:11:00]} Qxa3 {[%emt 0:00:10]} 32. c4 {[%emt 0:00:07]} Qxd3 {[%emt 0:04:08]} 33. cxd3 {[%emt 0:03:47]} bxc4 {[%emt 0:00:23]} 34. d4 {[%emt 0:00:26]} d5 {[%emt 0:01:24]} 35. exd5 {[%emt 0:01:54]} Bxd5 {[%emt 0:00:06]} 36. Rh8+ {[%emt 0:00:39]} Kd7 {[%emt 0:00:05]} 37. Ra3 {[%emt 0:01:22]} a6 {[%emt 0:00:38]} 38. Kc2 {[%emt 0:00:20]} Rf6 {[%emt 0:00:47]} 39. Ra5 {[%emt 0:00:21]} Bc6 40. Rh4 {[%emt 0:02:50]} Be4+ {[%emt 0:07:31]} 41. Kc3 {[%emt 0:30:45]} Bd3 {[%emt 0:30:08]} 42. Rh8 {[%emt 0:06:34]} Rxf4 {[%emt 0:03:34] normal} 1/2-1/2

[Event "-chT Youth Countries 2019"]
[Site "Wuerzburg"]
[Date "2019.10.03"]
[Round "3.6"]
[White "Ermitsch, Magnus"]
[Black "Brunner, Sophia"]
[Result "1/2-1/2"]
[WhiteElo "1671"]
[BlackElo "1935"]
[Annotator "NA"]
[PlyCount "62"]
[EventDate "2019.10.02"]
[EventType "team-tourn"]
[EventRounds "7"]
[EventCountry "GER"]
[SourceTitle "playchess.com"]
[Source "ChessBase"]
[SourceQuality "1"]
[WhiteTeam "Berlin"]
[BlackTeam "Niedersachsen"]
[TimeControl "40/5400+30:1800+30"]

1. e4 {[%emt 0:00:02]} e6 {[%emt 0:00:00]} 2. d4 {[%emt 0:00:42]} d5 {[%emt 0:00:00]} 3. Nc3 {[%emt 0:00:40]} Nf6 {[%emt 0:00:00]} 4. Bg5 {[%emt 0:00:34]} Bb4 {[%emt 0:00:00]} 5. e5 {[%emt 0:04:13]} h6 {[%emt 0:00:06]} 6. exf6 {[%emt 0:01:58]} hxg5 {[%emt 0:00:05]} 7. fxg7 {[%emt 0:00:54]} Rg8 {[%emt 0:00:07]} 8. h4 {[%emt 0:03:27]} gxh4 {[%emt 0:00:24]} 9. a3 {[%emt 0:07:48]} Bxc3+ {[%emt 0:11:17]} 10. bxc3 {[%emt 0:00:21]} Qf6 {[%emt 0:00:22]} 11. Nf3 {[%emt 0:01:29]} Qxg7 {[%emt 0:02:41]} 12. Rxh4 {[%emt 0:00:34]} c5 {[%emt 0:08:58]} 13. Ne5 {[%emt 0:04:41]} c4 {[%emt 0:13:24]} 14. Rf4 {[%emt 0:02:07]} f6 {[%emt 0:06:25]} 15. Qh5+ {[%emt 0:01:41]} Kd8 {[%emt 0:07:03]} 16. Rg4 {[%emt 0:04:33]} Qf8 {[%emt 0:00:43]} 17. Qf7 {[%emt 0:10:36]} Rh8 {[%emt 0:04:03]} 18. Rg7 {[%emt 0:03:44]} Na6 {[%emt 0:00:44]} 19. Ng6 {[%emt 0:05:15]} Qxf7 {[%emt 0:00:41]} 20. Rxf7 {[%emt 0:00:07]} Rg8 {[%emt 0:11:42]} 21. Rxf6 {[%emt 0:00:18]} Bd7 {[%emt 0:01:05]} 22. Ne5 {[%emt 0:01:55]} Nc7 {[%emt 0:01:05]} 23. Kd2 {[%emt 0:02:42]} Be8 {[%emt 0:00:33]} 24. g3 {[%emt 0:01:50]} Ke7 {[%emt 0:00:56]} 25. Rh6 {[%emt 0:00:57]} Bf7 {[%emt 0:04:34]} 26. Rh7 {[%emt 0:00:59]} Raf8 {[%emt 0:00:12]} 27. Rb1 {[%emt 0:00:41]} b6 {[%emt 0:02:09]} 28. a4 {[%emt 0:01:38]} Ne8 {[%emt 0:04:01]} 29. a5 {[%emt 0:02:37]} Nf6 {[%emt 0:00:58]} 30. Rxf7+ {[%emt 0:00:51]} Rxf7 {[%emt 0:00:07]} 31. Nxf7 {[%emt 0:00:12]} Ne4+ {[%emt 0:01:37] normal} 1/2-1/2